| Tag |
First Indicator |
Second Indicator |
Subfields |
| LEADER |
00000cam a2200000 a 4500 |
| 001 |
in00001092421 |
| 005 |
20150929201121.0 |
| 008 |
920917s1992 nmu 000 0 eng d |
| 020 |
|
|
|a 0931122694
|
| 035 |
|
|
|a (OCoLC)26619212
|
| 035 |
|
|
|9 AFT1248AM
|
| 040 |
|
|
|a IRU
|c IRU
|d UtOrBLW
|
| 049 |
|
|
|a TXAM
|
| 090 |
|
|
|a PS3562.O82
|b A76 1992
|
| 100 |
1 |
|
|a Louis, Adrian C.
|
| 245 |
1 |
0 |
|a Among the dog eaters :
|b poems /
|c by Adrian C. Louis.
|
| 250 |
|
|
|a 1st ed.
|
| 264 |
|
1 |
|a Albuquerque, N.M. :
|b West End Press,
|c [1992]
|
| 264 |
|
4 |
|c ©1992
|
| 300 |
|
|
|a xii, 90 pages ;
|c 22 cm.
|
| 336 |
|
|
|a text
|b txt
|2 rdacontent
|
| 337 |
|
|
|a unmediated
|b n
|2 rdamedia
|
| 338 |
|
|
|a volume
|b nc
|2 rdacarrier
|
| 999 |
|
|
|a MARS
|
| 999 |
f |
f |
|s 30d2dbfd-3644-3ba2-bd3f-d6709b9aacc2
|i a5e4690c-e9b5-31cc-9260-da380343c454
|t 0
|
| 952 |
f |
f |
|p normal
|a Texas A&M University
|b College Station
|c Sterling C. Evans Library
|d Evans: Library Stacks
|t 0
|e PS3562.O82 A76 1992
|h Library of Congress classification
|i unmediated -- volume
|m A14817051239
|
| 998 |
f |
f |
|a PS3562.O82 A76 1992
|t 0
|l Evans: Library Stacks
|